00241 a2200109 4500001000700000020000600007040001100013100002500024240003900049245003400088362000900122167041 a  cMagnum aKourganoff, Wladimir10aA face oculta da universidadelpor10aA face oculta da universidade0 a1899